000 00517 a2200157 4500
001 88515
082 _a658.5 BAL
090 _c41903
_d41903
100 _aRonald H. Ballou; Samir K Srivastava
245 _aBusiness Logistics/Supply Chain Management; planning, organising and controlling the supply chain,5 ed
_bLogware CD Package
250 _a5
260 _aIndia
_bPearson
_c2008
300 _axix, 800 p.
_bPb
_ewith CD
500 _aDOS textbook
600 _atransport strategy; storage and handling system;
942 _aCAE NUST
_k658.5 BAL
999 _c323588
_d323588